الحديث عن السوق / (رقم التسجيلة. 66891)

تفاصيل مارك
000 -LEADER
fixed length control field 00563nam a22001817a 4500
005 - DATE AND TIME OF LATEST TRANSACTION
control field 20251108171945.0
008 - FIXED-LENGTH DATA ELEMENTS--GENERAL INFORMATION
fixed length control field 250721s1978 xx 000 0 ara d
082 14 - DEWEY DECIMAL CLASSIFICATION NUMBER
Classification number ط/372.62/حدي
245 10 - TITLE STATEMENT
Title الحديث عن السوق /
264 1# - PRODUCTION, PUBLICATION, DISTRIBUTION, MANUFACTURE, AND COPYRIGHT NOTICE
Place of production, publication, distribution, manufacture بيروت :
Name of producer, publisher, distributor, manufacturer ليديبرد بوك ليمتد،
Date of production, publication, distribution, manufacture, or copyright notice 1978.
300 ## - PHYSICAL DESCRIPTION
Extent 51ص : مص.
490 0# - SERIES STATEMENT
Series statement سلسلة ليديبرد ؛ 735
650 17 - SUBJECT ADDED ENTRY--TOPICAL TERM
Topical term or geographic name as entry element اللغة العربية
650 17 - SUBJECT ADDED ENTRY--TOPICAL TERM
Topical term or geographic name as entry element الدراسة
653 ## - INDEX TERM--UNCONTROLLED
Uncontrolled term أطفال ما قبل المدرسة ( 0 - 5 سنوات )
942 ## - ADDED ENTRY ELEMENTS (KOHA)
Source of classification or shelving scheme Dewey Decimal Classification
Koha item type كتب
المقتنيات
حالة السحب حالة الفقدان مصدر التصنيف حالة التلف غير قابل للإعارة المكتبة الرئيسية المكتبة الحالية موقع الرف تاريخ التزويد الرقم المتسلسل Total Checkouts رقم الإستدعاء تاريخ آخر ظهور تاريخ الفاتورة نوع المادة (كوها) الباركود
    Dewey Decimal Classification     مكتبة الأميرة سلمى مكتبة الأميرة سلمى الأطفال 28/07/2025 568771   ط/372.62/حدي 28/07/2025 28/07/2025 كتب 568771
    Dewey Decimal Classification Unchecked   مكتبة البراءة للأطفال مكتبة البراءة للأطفال الأطفال 28/07/2025 366611   ط/372.62/حدي 28/07/2025 28/07/2025 كتب  
    Dewey Decimal Classification     مكتبة الياسمين للأطفال مكتبة الياسمين للأطفال الأطفال 20/03/2014 559855   ط/372.62/حدي 28/07/2025 20/03/2014 كتب PLD00295604
    Dewey Decimal Classification     مكتبة بدر الجديدة للأطفال مكتبة بدر الجديدة للأطفال الأطفال 28/07/2025 400171   ط/372.62/حدي 28/07/2025 28/07/2025 كتب 400171
Implemented & Customized by: BBB with SCIT (Smart Chains for Information Technology)

Powered by Koha